000 01601nam a2200433Ii 4500
001 DIGALEV0015
003 NyNyDIG
006 m o d
007 cr |||||||||||
008 230706s2013 sp o 000 f spa d
035 _a(OCoLC)1390094932
040 _aDGITA
_beng
_erda
_epn
_cDGITA
020 _a9788415608424
_qeBook
020 _z9788415608370
041 1 _aspa
_heng
050 1 4 _aPR6102.R383 ebook
100 1 _aBratley, Amy,
_eauthor.
240 1 0 _aSaturday Supper Club.
_lSpanish
_s(Corniero)
245 1 4 _aLas cenas del Club de los Sábados /
_cAmy Bratley ; traducción del inglés de María Corniero.
250 _aEdición en formato digital.
264 1 _aMadrid :
_bAlevosía,
_c[2013]
300 _a1 online resource.
336 _atext
_btxt
_2rdacontent
337 _acomputer
_bc
_2rdamedia
338 _aonline resource
_bcr
_2rdacarrier
347 _atext file
_2rdaft
347 _bPDF
347 _bEPUB
588 0 _aOnline resource; title from PDF title page (Digitalia, viewed July 6, 2023)
655 7 _aFiction.
_2lcgft
700 1 _aCorniero, María,
_etranslator.
700 1 _iTranslation of:
_aBratley, Amy.
_tSaturday Supper Club.
791 2 _aDigitalia (Firm),
_edistributor.
793 0 _gDigitalia eBook Collection:
_aAlevosía
776 0 8 _iPrint version:
_aBratley, Amy.
_sSaturday Supper Club. Spanish (Corniero).
_tCenas del Club de los Sábados.
_dMadrid : Alevosía, [2013]
_z9788415608370
856 4 0 _3Digitalia Hispánica
_uhttps://www.digitaliapublishing.com/a/31924/
910 _aPremium collection: 2023
942 _cRAA
999 _c241047
_d241047